Fishing logos - Statistics

General Stats
  • This quiz has been taken 95 times
    85 since last reset
  • The average score is 11 of 16
Answers on the Grid
Answers color-coded by a green-red scale on the quiz's grid according to % correct below.
Abu Garcia
Strike King
Rapala
home depot
Barnes and noble
Zoom
Chick - fil - a
Yamamoto
Berkley
Taco Bell
Mcdonalds
Lews
Lego
Penn
Panther martin
Meps
Apple
Firefox
Nike
CBS
Suffix
Yum
Simanno
Pepsi
Petco
shakespeare
Whole foods
Ugly stik
Buddy bang
Zebco
 
Answer Stats
Answer % Correct
Abu Garcia
91%
Strike King
83%
Rapala
81%
Berkley
72%
Simanno
72%
Ugly stik
70%
Penn
68%
Lews
66%
Yamamoto
66%
Zebco
66%
Yum
62%
Zoom
62%
Meps
55%
shakespeare
55%
Panther martin
53%
Suffix
47%
No matching quizzes found
Score Distribution
Percent of People with Each Score
Percentile by Number Answered
Your Score History
You have not taken this quiz since the last reset